书目信息 |
| 题名: |
科技论文写作教程
|
|
| 作者: | 吴勃 编著 | |
| 分册: | ||
| 出版信息: | 北京 中国电力出版社 2014.02 |
|
| 页数: | 105页 | |
| 开本: | 20cm | |
| 丛书名: | ||
| 单 册: | ||
| 中图分类: | H152.2-43 | |
| 科图分类: | ||
| 主题词: | 汉语--写作 , 汉语--修辞 | |
| 电子资源: | ||
| ISBN: | 978-7-5123-3952-1 | |
| 000 | 00595nam0 2200217 45 | |
| 001 | 2029590091 | |
| 005 | 20201104081623.39 | |
| 010 | @a978-7-5123-3952-1@dRMB 15.00 | |
| 100 | @a20201104d2014 km y0chiy0120 ea | |
| 101 | 0 | @achi |
| 102 | @aCN | |
| 200 | 1 | @a科技论文写作教程@Ake ji lun wen xie zuo jiao cheng@f吴勃编著@Fwu bo bian zhu |
| 205 | @a2版 | |
| 210 | @a北京@c中国电力出版社@d2014.02 | |
| 215 | @a105页@d20cm | |
| 606 | 0 | @a汉语@x写作 |
| 606 | 0 | @a汉语@x修辞 |
| 690 | @aH152.2-43@v4 | |
| 701 | 0 | @a吴勃@Awu bo@4编著 |
| 801 | 0 | @aCN@bPFT@c20201104 |
| 905 | @a10447@dH152.2-43@eW746=2 | |
| 科技论文写作教程/吴勃编著.-2版.-北京:中国电力出版社,2014.02 |
| 105页;20cm |
| ISBN 978-7-5123-3952-1:RMB 15.00 |
| ● |
| 相关链接 |
|
|
|
正题名:科技论文写作教程
索取号:H152.2-43/W746=2
 
预约/预借
| 序号 | 登录号 | 条形码 | 馆藏地/架位号 | 状态 | 备注 |
| 1 | 1501363 | 215013633 | 语言库209/209语言库 74排2列6层/ [索取号:H152.2-43/W746=2] | 在馆 |